[Event "East Lansing (MOR/4)"]
[Site "?"]
[Date "1991.??.??"]
[Round "?"]
[White "Calton, David A"]
[Black "Hayes, P."]
[Result "0-1"]
[WhiteElo "1655"]
[BlackElo "1605"]
[PlyCount "100"]
[EventDate "1991.??.??"]

1. d4 Nf6 2. Nf3 e6 3. e3 c5 4. c3 Be7 5. Bd3 b6 6. O-O Bb7 7. Nbd2 d6 8. Re1
O-O 9. Qc2 d5 10. dxc5 Bxc5 11. e4 dxe4 12. Nxe4 Nxe4 13. Bxe4 Bxe4 14. Qxe4
Nd7 15. Rd1 Qc8 16. Be3 Nf6 17. Qd3 Bxe3 18. Qxe3 Rd8 19. Rxd8+ Qxd8 20. Qd4
Qxd4 21. Nxd4 Rd8 22. h3 a6 23. f3 Kf8 24. Kf2 e5 25. Nb3 Nd5 26. Rd1 Ke7 27.
g3 Rd6 28. Ke2 f5 29. Nc1 g5 30. Nb3 h5 31. a3 Ke6 32. Na1 h4 33. c4 Nf6 34.
Rxd6+ Kxd6 35. gxh4 gxh4 36. b4 Nh5 37. Kf2 Nf4 38. Nc2 Nxh3+ 39. Kg2 Nf4+ 40.
Kh2 e4 41. fxe4 fxe4 42. Ne3 Ke5 43. c5 bxc5 44. bxc5 Nd3 45. Kh3 Nxc5 46. Kxh4
a5 47. Nc4+ Kf4 48. Kh3 a4 49. Kh2 e3 50. Kg1 Kf3 0-1

[Event "Detroit (HPO/1/7)"]
[Site "?"]
[Date "1991.??.??"]
[Round "?"]
[White "Calton, David A"]
[Black "Chehayeb, Sal"]
[Result "0-1"]
[WhiteElo "1605"]
[BlackElo "2130"]
[PlyCount "66"]
[EventDate "1991.??.??"]

{1/(7)} 1. d4 Nf6 2. Nf3 g6 3. Bg5 Bg7 4. e3 c5 5. c3 O-O 6. Bd3 b6 7. O-O Bb7
8. Nbd2 d6 9. Qc2 Nbd7 10. Rfe1 Rc8 11. Ne4 c4 12. Nxf6+ exf6 13. Bf4 cxd3 14.
Qxd3 Bxf3 15. gxf3 d5 16. Kh1 Re8 17. Rg1 Nf8 18. Rg3 Ne6 19. Rag1 Nxf4 20.
exf4 f5 21. Qa6 Qc7 22. h3 Qxf4 23. Qxa7 Re2 24. Qd7 Qc7 25. Qxd5 Rxf2 26. h4
Rxb2 27. h5 Qf4 28. R1g2 Qh4+ 29. Kg1 Rxg2+ 30. Kxg2 Qxh5 31. Qb7 Re8 32. Qa6
Re2+ 33. Kf1 Qh2 0-1

[Event "East Lansing (MOR/6)"]
[Site "?"]
[Date "1991.??.??"]
[Round "?"]
[White "Calton, David A"]
[Black "Burke, David"]
[Result "1-0"]
[WhiteElo "1655"]
[BlackElo "1605"]
[PlyCount "108"]
[EventDate "1991.??.??"]

1. d4 d5 2. Nf3 e6 3. e3 Bd6 4. Bd3 Nf6 5. Nbd2 O-O 6. O-O Re8 7. c3 c5 8. e4
dxe4 9. Nxe4 Nxe4 10. Bxe4 cxd4 11. Qxd4 e5 12. Qd3 g6 13. Bg5 Qc7 14. Rad1 Be7
15. Bxe7 Qxe7 16. Qd6 f5 17. Qxe7 Rxe7 18. Rd8+ Kf7 19. Bd5+ Be6 20. Nxe5+ Kf6
21. Bxe6 Kxe6 22. Nc4 Rd7 23. Re1+ Kf6 24. Ree8 Rxd8 25. Rxd8 Ke7 26. Rh8 h5
27. Na5 a6 28. Nxb7 Kd7 29. Nc5+ Kc7 30. Ne6+ Kd7 31. Nf4 Kc7 32. Rh7+ Nd7 33.
Nxg6 Ra7 34. Ne5 Kd6 35. Rxd7+ Rxd7 36. Nxd7 Kxd7 37. Kf1 Kd6 38. Ke2 Kd5 39.
Kd3 Kc5 40. b4+ Kd5 41. a4 Kc6 42. c4 f4 43. b5+ axb5 44. axb5+ Kc5 45. h4 Kb6
46. Kc3 Kc5 47. Kb3 Kb6 48. Kb4 Kc7 49. c5 Kd7 50. c6+ Kd6 51. f3 Kc7 52. Kc5
Kb8 53. b6 Kc8 54. c7 Kb7 1-0

[Event "Flint (MEX/1)"]
[Site "?"]
[Date "1991.??.??"]
[Round "?"]
[White "Calton, Bill"]
[Black "Ward, Tom"]
[Result "1-0"]
[WhiteElo "2050"]
[BlackElo "2150"]
[PlyCount "115"]
[EventDate "1991.??.??"]

1. e4 c5 2. Nc3 Nc6 3. g3 g6 4. Bg2 Bg7 5. d3 e6 6. f4 d6 7. Nf3 Nge7 8. Be3
Nd4 9. O-O Nec6 10. Rb1 O-O 11. Ne2 Qa5 12. a3 Bd7 13. c3 Nxe2+ 14. Qxe2 Rac8
15. Rbd1 e5 16. f5 Qd8 17. g4 Re8 18. Nd2 Bf6 19. Qf3 g5 20. h4 h6 21. Kf2 Kg7
22. hxg5 Bxg5 23. Rh1 Rh8 24. Rh3 Qf6 25. Rdh1 Ne7 26. Qe2 Bc6 27. Nf3 d5 28.
Nxg5 hxg5 29. Rxh8 Rxh8 30. Rxh8 Kxh8 31. Bxc5 dxe4 32. Bxe7 Qxe7 33. Bxe4 Bxe4
34. Qxe4 f6 35. Qd5 Qc7 36. Qe6 Kg7 37. Ke2 a6 38. Kd2 b6 39. Kc2 a5 40. a4 Qb7
41. Kb1 Qf3 42. Qe7+ Kg8 43. Qe8+ Kg7 44. Qg6+ Kh8 45. Qxf6+ Kh7 46. Qg6+ Kh8
47. Qh6+ Kg8 48. Qxg5+ Kf8 49. Qf6+ Kg8 50. Qe6+ Kh7 51. Qc4 Qe2 52. Qe4 Qd1+
53. Ka2 Kh6 54. f6 b5 55. f7 Kg7 56. Qxe5+ Kxf7 57. Qxb5 Qxg4 58. Qxa5 1-0

[Event "Detroit (HPO/1/14)"]
[Site "?"]
[Date "1991.??.??"]
[Round "?"]
[White "Calton, Bill"]
[Black "Stinson, Darlene"]
[Result "1-0"]
[WhiteElo "2080"]
[BlackElo "1605"]
[PlyCount "61"]
[EventDate "1991.??.??"]

{1/(14)} 1. d4 Nf6 2. Nf3 e6 3. Bg5 Be7 4. e3 b6 5. Bd3 Bb7 6. O-O Nd5 7. Bxe7
Qxe7 8. c3 Nf6 9. Nbd2 d5 10. Re1 O-O 11. e4 c6 12. e5 Nfd7 13. Re3 Re8 14. Ne1
Nf8 15. Qh5 h6 16. Rg3 Kh8 17. Nef3 Nh7 18. Nf1 Nd7 19. Ne3 Ndf8 20. Ng4 Ng5
21. Nxh6 Ngh7 22. Nxf7+ Kg8 23. Nd6 Red8 24. Rh3 g6 25. Bxg6 Qg7 26. Bf7+ Kh8
27. Rg3 Qxg3 28. fxg3 Ba6 29. Qg4 Nd7 30. Bxe6 Bd3 31. Nf7# 1-0

[Event "Flint (MEX/3)"]
[Site "?"]
[Date "1991.??.??"]
[Round "?"]
[White "Calton, Bill"]
[Black "Noren, Kevin"]
[Result "0-1"]
[WhiteElo "2050"]
[BlackElo "2305"]
[PlyCount "38"]
[EventDate "1991.??.??"]

1. e4 e6 2. d4 d5 3. exd5 exd5 4. Bd3 c5 5. dxc5 Bxc5 6. Nf3 Ne7 7. O-O Nbc6 8.
Bf4 O-O 9. c3 h6 10. Nbd2 Bg4 11. h3 Bh5 12. Nb3 Bb6 13. Be2 Re8 14. Re1 Rc8
15. Nbd4 a6 16. Qd2 Bg6 17. Bg3 Be4 18. Rac1 Qd7 19. c4 Ba5 0-1

[Event "Detroit (HPO/3/6)"]
[Site "?"]
[Date "1991.??.??"]
[Round "?"]
[White "Calton, Bill"]
[Black "Chehayeb, Sal"]
[Result "0-1"]
[WhiteElo "2080"]
[BlackElo "2130"]
[PlyCount "64"]
[EventDate "1991.??.??"]

{3/(6)} 1. d4 Nf6 2. Nf3 g6 3. Bg5 Bg7 4. Nbd2 d5 5. e3 O-O 6. Bd3 c5 7. c3 Nc6
8. O-O Qb6 9. Rb1 e5 10. dxc5 Qxc5 11. e4 dxe4 12. Nxe4 Nxe4 13. Bxe4 Be6 14.
Qa4 Rfc8 15. b4 Qc4 16. Nd2 Qxa2 17. Qxa2 Bxa2 18. Rb2 Be6 19. b5 Na5 20. Ra1
Nc4 21. Nxc4 Rxc4 22. Bxb7 Rb8 23. Bf3 e4 24. Be2 Rxc3 25. Rxa7 e3 26. Rb1
exf2+ 27. Kf1 Bd4 28. Ra6 Bf5 29. Rd1 Bc5 30. Bh4 Re8 31. Raa1 Rc2 32. Bd3 Re1+
0-1

[Event "East Lansing (MOR/1)"]
[Site "?"]
[Date "1991.??.??"]
[Round "?"]
[White "Cain, B."]
[Black "Steverson, Bunnard"]
[Result "1/2-1/2"]
[WhiteElo "1605"]
[BlackElo "1785"]
[PlyCount "125"]
[EventDate "1991.??.??"]

1. d4 d5 2. Nf3 Nf6 3. e3 e6 4. Bd3 c5 5. c3 Be7 6. Nbd2 Nbd7 7. O-O O-O 8. Re1
cxd4 9. exd4 Qc7 10. Nf1 b6 11. Qe2 Bb7 12. h3 Rae8 13. Ne5 Rc8 14. Bg5 Rfe8
15. Nh2 Bf8 16. f4 Ne4 17. Qh5 Ndf6 18. Bxf6 Nxf6 19. Qe2 Qe7 20. g4 g6 21. h4
Bg7 22. h5 Nd7 23. hxg6 hxg6 24. Nhf3 Bf6 25. Qh2 Nxe5 26. fxe5 Bg5 27. Re2 Kg7
28. Qg3 Rh8 29. Rh2 Rxh2 30. Qxh2 Rh8 31. Qg3 Be3+ 32. Kg2 g5 33. Rh1 Bf4 34.
Qe1 Qe8 35. Qf1 Bc6 36. Rxh8 Qxh8 37. Qh1 Qxh1+ 38. Kxh1 b5 39. b3 a6 40. Kg2
f6 41. Kf2 Bd7 42. c4 dxc4 43. bxc4 Bc6 44. c5 a5 45. Ke2 b4 46. Bc4 Kf7 47.
Bd3 Bxf3+ 48. Kxf3 fxe5 49. dxe5 Bxe5 50. Ke4 Bc3 51. Bc4 a4 52. c6 Ke7 53. c7
Kd7 54. c8=Q+ Kxc8 55. Bxe6+ Kc7 56. Kf5 Kd6 57. Bg8 Bd2 58. Ke4 Kc5 59. Kd3
Bf4 60. Ke4 b3 61. axb3 a3 62. Kd3 Kb4 63. Kc2 1/2-1/2

[Event "East Lansing (MOR/5)"]
[Site "?"]
[Date "1991.??.??"]
[Round "?"]
[White "Cain, B."]
[Black "Nicolli, Randy"]
[Result "0-1"]
[WhiteElo "1605"]
[BlackElo "1605"]
[PlyCount "34"]
[EventDate "1991.??.??"]

1. d4 d5 2. Nf3 Bf5 3. e3 Nf6 4. Nbd2 e6 5. Bd3 Bg6 6. O-O Bd6 7. Qe2 Nbd7 8.
c3 Qe7 9. e4 e5 10. dxe5 Nxe5 11. exd5 Nxd5 12. Nxe5 Bxe5 13. Bxg6 hxg6 14.
Qb5+ c6 15. Qb3 Bxh2+ 16. Kh1 Be5+ 17. Kg1 Qh4 0-1

[Event "East Lansing (MOR/3)"]
[Site "?"]
[Date "1991.??.??"]
[Round "?"]
[White "Cain, B."]
[Black "Mitchell, Dave"]
[Result "1-0"]
[WhiteElo "1605"]
[BlackElo "1605"]
[PlyCount "71"]
[EventDate "1991.??.??"]

1. d4 Nf6 2. Nf3 d5 3. e3 Bf5 4. Nbd2 c6 5. Bd3 Bxd3 6. cxd3 e6 7. O-O Nbd7 8.
Ne5 Nxe5 9. dxe5 Nd7 10. d4 Be7 11. f4 c5 12. b3 Qc7 13. Nf3 O-O-O 14. Bb2 Kb8
15. Rc1 Rc8 16. Ba3 Qa5 17. Bxc5 Nxc5 18. dxc5 Bxc5 19. Nd4 Bxd4 20. Qxd4 Qxa2
21. Ra1 Qxb3 22. Qxa7+ Kc7 23. Qc5+ Kd7 24. Qd6+ Ke8 25. Kh1 Qxe3 26. Rab1 Qc5
27. Qxc5 Rxc5 28. Rxb7 Rf8 29. Rb8+ Ke7 30. Rb7+ Ke8 31. Rfb1 Rc8 32. h4 Rd8
33. Ra7 Rd7 34. Rb8+ Ke7 35. Rxd7+ Kxd7 36. Rxf8 1-0

[Event "Detroit (HPO/4/27)"]
[Site "?"]
[Date "1991.??.??"]
[Round "?"]
[White "Burke, Tim"]
[Black "Stinson, Darlene"]
[Result "0-1"]
[WhiteElo "1730"]
[BlackElo "1605"]
[PlyCount "88"]
[EventDate "1991.??.??"]

{4/(27)} 1. e4 e5 2. Nf3 Nc6 3. Bb5 a6 4. Ba4 Nf6 5. O-O Be7 6. Re1 O-O 7. c3
b5 8. Bc2 d6 9. h3 Re8 10. d4 h6 11. Nbd2 Nh7 12. Nf1 Bf6 13. d5 Na7 14. Ng3 c6
15. Nh2 cxd5 16. exd5 Bg5 17. Qd3 Nf8 18. b3 Bxc1 19. Raxc1 Qf6 20. Ne4 Qg6 21.
Ng3 Qxd3 22. Bxd3 g6 23. f4 Nd7 24. f5 Kg7 25. Ne4 Rd8 26. Nxd6 Nc5 27. Bb1
Rxd6 28. Rxe5 Nd7 29. Re7 Kf6 30. Rce1 gxf5 31. c4 Bb7 32. Nf3 bxc4 33. bxc4
Nc8 34. R7e3 Ncb6 35. Rb3 Rb8 36. Nh4 Nxc4 37. Nxf5 Rxd5 38. Be4 Re5 39. Nxh6
Rxe4 40. Rf1+ Kg6 41. Nxf7 Nd2 42. Rg3+ Kh5 43. Rg5+ Kh4 44. Kh2 Nxf1+ 0-1

[Event "Detroit (HPO/1/37)"]
[Site "?"]
[Date "1991.??.??"]
[Round "?"]
[White "Burke, Tim"]
[Black "Moore, Do"]
[Result "1-0"]
[WhiteElo "1730"]
[BlackElo "1605"]
[PlyCount "59"]
[EventDate "1991.??.??"]

{1/(37)} 1. e4 e5 2. Nf3 Nc6 3. Bb5 Nf6 4. O-O d6 5. Re1 Bd7 6. c3 Be7 7. d4 a6
8. Ba4 O-O 9. Nbd2 b5 10. Bc2 Bg4 11. h3 Bh5 12. Nf1 h6 13. Ng3 Bxf3 14. Qxf3
exd4 15. Nf5 Ne5 16. Qd1 dxc3 17. bxc3 Kh7 18. f4 Nc4 19. e5 g6 20. Nxe7 Qxe7
21. exf6 Qxf6 22. Qf3 Rae8 23. Qg3 Re7 24. Rxe7 Qxe7 25. f5 Qf6 26. fxg6+ fxg6
27. Be3 c5 28. Bd3 Nxe3 29. Qxe3 Qxc3 30. Bxg6+ 1-0

[Event "Detroit (HPO/3/13)"]
[Site "?"]
[Date "1991.??.??"]
[Round "?"]
[White "Burke, Tim"]
[Black "Ball, Ed"]
[Result "0-1"]
[WhiteElo "1730"]
[BlackElo "1930"]
[PlyCount "64"]
[EventDate "1991.??.??"]

{3/(13)} 1. e4 e6 2. d4 d5 3. Nc3 f5 4. e5 c5 5. Nf3 Nc6 6. Be3 c4 7. Ne2 Be7
8. h4 b5 9. Qd2 Bd7 10. Ng3 a5 11. Nh5 g6 12. Ng7+ Kf8 13. Bh6 Nxh6 14. Qxh6
Kf7 15. Nh5 gxh5 16. Qxh5+ Kg7 17. Ng5 Qe8 18. Qf3 Nxd4 19. Qd1 Bc5 20. g4 h6
21. Nf3 Nxf3+ 22. Qxf3 Qg6 23. Rg1 f4 24. O-O-O Bc6 25. a4 Qe4 26. Qh3 Bxf2 27.
Rg2 Qe3+ 28. Qxe3 Bxe3+ 29. Kb1 d4 30. Rh2 Bd5 31. Be2 bxa4 32. Re1 Rab8 0-1

[Event "Detroit (HPO/4/30)"]
[Site "?"]
[Date "1991.??.??"]
[Round "?"]
[White "Burke, David"]
[Black "Vaka, Flamur"]
[Result "1/2-1/2"]
[WhiteElo "1605"]
[BlackElo "1655"]
[PlyCount "30"]
[EventDate "1991.??.??"]

{4/(30)} 1. e4 e5 2. Nf3 Nc6 3. Bb5 a6 4. Bxc6 dxc6 5. h3 Bc5 6. O-O Qf6 7. Nc3
Ne7 8. d3 Ng6 9. Ne2 h6 10. Ng3 Nh4 11. Nxh4 Qxh4 12. Qf3 g6 13. Be3 Bd6 14. d4
Bd7 15. c4 O-O-O 1/2-1/2

[Event "East Lansing (MOR/3)"]
[Site "?"]
[Date "1991.??.??"]
[Round "?"]
[White "Burke, David"]
[Black "Stanulis, T."]
[Result "1-0"]
[WhiteElo "1605"]
[BlackElo "1605"]
[PlyCount "79"]
[EventDate "1991.??.??"]

1. b3 d5 2. Bb2 Nc6 3. e3 e5 4. Bb5 Bd6 5. d4 Qg5 6. dxe5 Bxe5 7. Bxe5 Qxe5 8.
Nd2 Bg4 9. Ngf3 Bxf3 10. Nxf3 Qc3+ 11. Nd2 Nf6 12. O-O O-O-O 13. Bxc6 Qxc6 14.
Rc1 h5 15. Qf3 Kb8 16. c4 Qd6 17. Rfd1 Ng4 18. g3 f5 19. cxd5 h4 20. Nf1 h3 21.
Qxf5 Ne5 22. f4 Nf3+ 23. Kf2 Rdf8 24. Qe6 Qa3 25. Kxf3 Qb2 26. Nd2 Re8 27. Qd7
Rd8 28. Qxc7+ Ka8 29. Rc2 Qf6 30. Nc4 Qf5 31. Rdc1 a6 32. Nd6 Qxd5+ 33. Ne4
Rhe8 34. Qc4 Qf5 35. Qb4 g5 36. Nxg5 Rxe3+ 37. Kxe3 Qd3+ 38. Kf2 Re8 39. Rc8+
Rxc8 40. Rxc8+ 1-0

[Event "East Lansing (MOR/5)"]
[Site "?"]
[Date "1991.??.??"]
[Round "?"]
[White "Burke, David"]
[Black "Scriber, Darin"]
[Result "0-1"]
[WhiteElo "1605"]
[BlackElo "1605"]
[PlyCount "94"]
[EventDate "1991.??.??"]

1. b3 Nf6 2. Bb2 e6 3. e3 d5 4. Nf3 c5 5. Ne5 a6 6. d4 Nc6 7. Nxc6 bxc6 8. Ba3
a5 9. Bxc5 Bxc5 10. dxc5 O-O 11. Nd2 Nd7 12. c4 Nxc5 13. cxd5 cxd5 14. Rc1 Qb6
15. Be2 Ba6 16. O-O Rac8 17. Bxa6 Qxa6 18. Nf3 Rc7 19. Ne5 Rfc8 20. Re1 f6 21.
Nf3 Qd3 22. Qxd3 Nxd3 23. Rxc7 Rxc7 24. Kf1 Nxe1 25. Kxe1 Rc2 26. a4 Kf7 27.
Nd4 Rb2 28. h3 e5 29. Nc6 Rxb3 30. Nxa5 Ra3 31. Ke2 Rxa4 32. Nb7 Ra2+ 33. Kf3
f5 34. g4 g6 35. Nd6+ Ke6 36. Nb5 Rc2 37. g5 Rc5 38. Na3 d4 39. h4 dxe3 40.
fxe3 Ra5 41. Nc4 Ra4 42. Nd2 Rxh4 43. e4 fxe4+ 44. Nxe4 Kf5 45. Nd6+ Kxg5 46.
Nf7+ Kf6 47. Nd6 Rd4 0-1

[Event "East Lansing (MOR/7)"]
[Site "?"]
[Date "1991.??.??"]
[Round "?"]
[White "Burke, David"]
[Black "Schafer, Jurgen"]
[Result "0-1"]
[WhiteElo "1605"]
[BlackElo "1605"]
[PlyCount "104"]
[EventDate "1991.??.??"]

1. b3 d5 2. Bb2 c5 3. e3 Nf6 4. Nf3 Nc6 5. Bb5 a6 6. Bxc6+ bxc6 7. h3 Qc7 8.
O-O e6 9. Bxf6 gxf6 10. Nc3 Bd6 11. d4 Rg8 12. Ne2 e5 13. dxc5 Bxc5 14. Kh1 Be6
15. Rc1 Ba3 16. Rb1 a5 17. Ng3 Qd7 18. Ng1 Ke7 19. e4 d4 20. Qf3 Rg6 21. Rfd1
Rd8 22. Rd3 c5 23. c4 Qb7 24. Nf5+ Kf8 25. Qh5 Bxf5 26. Qxf5 Ke7 27. Ne2 a4 28.
Rf1 Qa6 29. f4 axb3 30. axb3 Qe6 31. Qxe6+ fxe6 32. fxe5 fxe5 33. Rdf3 Rg7 34.
Ra1 d3 35. Nc3 Bb2 36. Ra7+ Rd7 37. Rxd7+ Kxd7 38. Rxd3+ Kc6 39. Na4 Bd4 40.
Rd1 Rf7 41. g4 Rf3 42. Kg2 Rxb3 43. Rd2 Rb4 44. Ra2 Rxc4 45. Nxc5 Bxc5 46. Kf3
Rc3+ 47. Kg2 h6 48. Re2 Re3 49. Rxe3 Bxe3 50. Kf3 Bf4 51. Ke2 Kc5 52. Kd3 Kb4
0-1

[Event "Detroit (HPO/2/26)"]
[Site "?"]
[Date "1991.??.??"]
[Round "?"]
[White "Burke, David"]
[Black "Koger, Melvin"]
[Result "0-1"]
[WhiteElo "1605"]
[BlackElo "1755"]
[PlyCount "96"]
[EventDate "1991.??.??"]

{2/(26)} 1. b3 e5 2. Bb2 Nc6 3. e3 Nf6 4. d4 exd4 5. exd4 d5 6. Nf3 Bd6 7. Bb5
O-O 8. O-O Bg4 9. Be2 Ne4 10. Nbd2 f5 11. c4 Ne7 12. Nxe4 fxe4 13. Ng5 Bd7 14.
Bg4 Qc8 15. Bxd7 Qxd7 16. Qe2 h6 17. Nh3 c6 18. f3 exf3 19. Rxf3 Rxf3 20. Qxf3
Rf8 21. Qe2 Qf5 22. c5 Bxh2+ 23. Kxh2 Ng6 24. Re1 Kh7 25. Rd1 Rf7 26. Rd3 Re7
27. Re3 Nf4 28. Nxf4 Qxf4+ 29. Kg1 Qxe3+ 30. Qxe3 Rxe3 31. Kf2 Re4 32. a3 b6
33. b4 b5 34. g3 Kg6 35. Bc1 Rxd4 36. Ke3 Re4+ 37. Kf3 Kf5 38. Bb2 g5 39. Bg7
h5 40. Bc3 d4 41. Bd2 d3 42. Bc1 g4+ 43. Kf2 Re2+ 44. Kf1 Ke4 45. Bf4 Kf3 46.
Kg1 d2 47. Bxd2 Rxd2 48. Kf1 Rd1# 0-1

[Event "Detroit (HPO/5/30)"]
[Site "?"]
[Date "1991.??.??"]
[Round "?"]
[White "Burke, David"]
[Black "Collins, Charles"]
[Result "0-1"]
[WhiteElo "1605"]
[BlackElo "1750"]
[PlyCount "36"]
[EventDate "1991.??.??"]

{5/(30)} 1. b3 Nf6 2. Bb2 e6 3. e3 c5 4. Nf3 Nc6 5. Bb5 Qc7 6. Bxf6 gxf6 7. Nc3
d5 8. d4 Bd7 9. Ne2 Qa5+ 10. Nc3 Qxc3+ 11. Nd2 cxd4 12. exd4 Bb4 13. a3 Qxd2+
14. Qxd2 Bxd2+ 15. Kxd2 Nxd4 16. Bxd7+ Kxd7 17. f4 Rac8 18. c3 Nxb3+ 0-1

[Event "Detroit (HPO/1/26)"]
[Site "?"]
[Date "1991.??.??"]
[Round "?"]
[White "Burg, Dan"]
[Black "Ruelas, Erik"]
[Result "1-0"]
[WhiteElo "1845"]
[BlackElo "1605"]
[PlyCount "41"]
[EventDate "1991.??.??"]

{1/(26)} 1. e4 e5 2. Nf3 Nc6 3. d4 f6 4. dxe5 fxe5 5. Bc4 Nf6 6. Ng5 Qe7 7. Nc3
Nd8 8. Be3 h6 9. Nf3 d6 10. Nh4 Rh7 11. Nd5 Nxd5 12. Bxd5 Ne6 13. O-O Qxh4 14.
g3 Qh3 15. f4 c6 16. Bb3 g5 17. fxe5 dxe5 18. Qf3 Bd7 19. Bxe6 Rh8 20. Qf7+ Kd8
21. Qxd7# 1-0

[Event "Detroit (HPO/5/14)"]
[Site "?"]
[Date "1991.??.??"]
[Round "?"]
[White "Burg, Dan"]
[Black "Peak, F."]
[Result "1-0"]
[WhiteElo "1845"]
[BlackElo "1920"]
[PlyCount "103"]
[EventDate "1991.??.??"]

{5/(14)} 1. e4 c5 2. c3 d6 3. d4 cxd4 4. cxd4 d5 5. e5 Nc6 6. Nc3 a6 7. Be3 e6
8. Rc1 Bd7 9. Nf3 h6 10. Bd3 Nge7 11. O-O Nc8 12. Ne2 Be7 13. Ng3 h5 14. Bb1 h4
15. Ne2 g5 16. Qd2 Rg8 17. g3 Nb6 18. b3 hxg3 19. hxg3 g4 20. Nh2 Qc7 21. Bh7
Rg7 22. Qd3 Bg5 23. Nxg4 O-O-O 24. Bxg5 Rxg5 25. Nf6 Rh8 26. Qe3 Rg7 27. Qh6
Rg6 28. Qh5 Qd8 29. Kg2 Rxf6 30. exf6 Qxf6 31. Rh1 Kb8 32. Qh4 Qg7 33. Qf4+ Ka7
34. Bd3 Nb4 35. Bb1 f5 36. Rxh8 Qxh8 37. Qd6 Nc6 38. Qc5 Qd8 39. a4 Ka8 40. Rh1
a5 41. Bd3 Nc8 42. Rh7 N6a7 43. Nf4 b6 44. Qa3 Nc6 45. Bb5 Qe8 46. Qc1 N8e7 47.
Bxc6+ Nxc6 48. Ng6 Kb7 49. Nf8 Ne7 50. Nxd7 Qxd7 51. Qg5 Kc6 52. Rxe7 1-0

[Event "Detroit (HPO/3/18)"]
[Site "?"]
[Date "1991.??.??"]
[Round "?"]
[White "Burg, Dan"]
[Black "Endres, John"]
[Result "1-0"]
[WhiteElo "1845"]
[BlackElo "1605"]
[PlyCount "29"]
[EventDate "1991.??.??"]

{3/(18)} 1. e4 e5 2. Nf3 Nc6 3. d4 exd4 4. Bc4 Bc5 5. Ng5 Ne5 6. Bxf7+ Nxf7 7.
Nxf7 Kxf7 8. Qh5+ g6 9. Qxc5 Nf6 10. Qxd4 Re8 11. f3 d5 12. O-O Be6 13. Bg5
dxe4 14. Qxd8 Raxd8 15. fxe4 1-0

[Event "East Lansing (MOR/1)"]
[Site "?"]
[Date "1991.??.??"]
[Round "?"]
[White "Brown, F."]
[Black "Vorhauer, Sam"]
[Result "1-0"]
[WhiteElo "1680"]
[BlackElo "1605"]
[PlyCount "95"]
[EventDate "1991.??.??"]

1. d4 d5 2. Nf3 Nf6 3. Bf4 e6 4. Nbd2 Bd6 5. Bxd6 Qxd6 6. c3 Nbd7 7. e3 c6 8.
Bd3 e5 9. e4 O-O 10. exd5 exd4 11. Nxd4 Re8+ 12. Be2 Qxd5 13. O-O Nb6 14. Re1
Bd7 15. Qc2 c5 16. N4f3 Bf5 17. Qb3 Qxb3 18. axb3 Bg4 19. h3 Bh5 20. Bb5 Nfd7
21. Rxe8+ Rxe8 22. Rxa7 Bxf3 23. Nxf3 Rb8 24. Ra1 f6 25. Nd2 Nf8 26. Ne4 Nbd7
27. Rd1 f5 28. Ng3 f4 29. Ne4 Ne5 30. Nxc5 f3 31. g3 h6 32. g4 Nc6 33. Nd7 Rd8
34. Bxc6 Nxd7 35. Rxd7 Ra8 36. Rxb7 Ra1+ 37. Kh2 Ra2 38. Kg3 Rxb2 39. b4 Rc2
40. c4 Kf8 41. Bd5 Rc3 42. c5 Rd3 43. c6 Rxd5 44. c7 Kf7 45. c8=Q+ Kf6 46. Qc3+
Ke6 47. Qxg7 h5 48. Qe7# 1-0

[Event "East Lansing (MOR/3)"]
[Site "?"]
[Date "1991.??.??"]
[Round "?"]
[White "Brown, F."]
[Black "Scriber, Darin"]
[Result "1-0"]
[WhiteElo "1680"]
[BlackElo "1605"]
[PlyCount "57"]
[EventDate "1991.??.??"]

1. d4 e6 2. Nf3 f5 3. Bf4 Nf6 4. Nbd2 Be7 5. e3 O-O 6. Be2 b6 7. c3 Bb7 8. Qc2
Be4 9. Nxe4 Nxe4 10. Bd3 d5 11. Qa4 Bd6 12. g3 g5 13. Bxd6 Nxd6 14. Qd1 Nd7 15.
Nd2 c5 16. a3 Qf6 17. Qa4 Qf7 18. Nf3 Qg7 19. Nxg5 Qe7 20. Be2 e5 21. Nf3 exd4
22. cxd4 cxd4 23. Nxd4 f4 24. exf4 Qe4 25. O-O Rf7 26. Rad1 Rg7 27. Bf3 Qxf4
28. Bxd5+ Kh8 29. Bxa8 1-0

[Event "East Lansing (MOR/6)"]
[Site "?"]
[Date "1991.??.??"]
[Round "?"]
[White "Brown, F."]
[Black "Mikus, R."]
[Result "1-0"]
[WhiteElo "1680"]
[BlackElo "1605"]
[PlyCount "73"]
[EventDate "1991.??.??"]

1. d4 Nf6 2. Nf3 d5 3. Bf4 Bf5 4. Nbd2 Nbd7 5. e3 c6 6. Be2 e6 7. Nh4 Ne4 8.
Nxf5 exf5 9. Nxe4 fxe4 10. h3 Nf6 11. Bg5 Be7 12. O-O O-O 13. c4 Rc8 14. Qb3
Rc7 15. Rac1 Qd7 16. Rc2 Rfc8 17. Bxf6 Bxf6 18. Bg4 Qd8 19. Bxc8 dxc4 20. Qxc4
Rxc8 21. d5 Be7 22. Qxe4 c5 23. b4 b6 24. Rd1 Bd6 25. Qg4 Rc7 26. bxc5 Bxc5 27.
e4 Bd6 28. Rdc1 Rxc2 29. Rxc2 Qf6 30. Rc8+ Bf8 31. Qd7 Qa1+ 32. Kh2 Qe5+ 33. g3
Qxe4 34. Qe8 Qb4 35. Rc7 Qa3 36. Qxf7+ Kh8 37. Rc8 1-0

[Event "East Lansing (MOR/7)"]
[Site "?"]
[Date "1991.??.??"]
[Round "?"]
[White "Brotherton, D."]
[Black "Vorhauer, Sam"]
[Result "0-1"]
[WhiteElo "1605"]
[BlackElo "1605"]
[PlyCount "107"]
[EventDate "1991.??.??"]

1. e4 c5 2. Nc3 Nc6 3. d3 d6 4. g3 Nf6 5. Bg2 g6 6. Nge2 Bg7 7. f4 e5 8. O-O a6
9. a4 O-O 10. Kh1 Bd7 11. h3 Nd4 12. Nxd4 cxd4 13. Nd5 Nh5 14. Kh2 Bc6 15. g4
Nf6 16. Nxf6+ Bxf6 17. g5 Be7 18. h4 f5 19. Qe1 Qc7 20. c3 fxe4 21. dxe4 d3 22.
Qd1 Bd7 23. Qxd3 Qc6 24. Qd5+ Qxd5 25. exd5 Bd8 26. Bd2 Bb6 27. a5 Ba7 28. Rae1
Bb5 29. Rh1 exf4 30. Bf1 Bxf1 31. Rhxf1 f3 32. Be3 f2 33. Re2 Rae8 34. Bxa7
Rxe2 35. Kg2 Rxb2 36. Bxf2 Ra2 37. Kg3 Rc2 38. Kg2 Rf5 39. Kg3 Rxc3+ 40. Kg2
Rc2 41. Kg3 Rxd5 42. Bb6 Rc3+ 43. Kg4 Rc4+ 44. Kg3 Rd3+ 45. Kg2 Rc2+ 46. Kg1
Rg3+ 47. Kh1 Rh3+ 48. Kg1 Rxh4 49. Bd8 Rg4+ 50. Kh1 Rh4+ 51. Kg1 Rhc4 52. Rf6
Ra2 53. Be7 Rc1+ 54. Rf1 0-1

[Event "East Lansing (MOR/5)"]
[Site "?"]
[Date "1991.??.??"]
[Round "?"]
[White "Brotherton, D."]
[Black "Hill, Brent"]
[Result "1/2-1/2"]
[WhiteElo "1605"]
[BlackElo "1605"]
[PlyCount "44"]
[EventDate "1991.??.??"]

1. e4 c6 2. d4 d5 3. f3 Nf6 4. e5 Nfd7 5. Bd3 e6 6. Ne2 c5 7. c3 Nc6 8. O-O Qb6
9. Bc2 cxd4 10. cxd4 Ndxe5 11. Kh1 Nc4 12. b3 Nd6 13. Ba3 Be7 14. Qd3 Qc7 15.
Nd2 Qa5 16. Bxd6 Bxd6 17. a3 Qc7 18. f4 g6 19. g3 a5 20. Nf3 b6 21. Rfc1 Ba6
22. Qd1 Qe7 1/2-1/2

[Event "East Lansing (MOR/1)"]
[Site "?"]
[Date "1991.??.??"]
[Round "?"]
[White "Brotherton, D."]
[Black "Cischke, J."]
[Result "1-0"]
[WhiteElo "1605"]
[BlackElo "1605"]
[PlyCount "95"]
[EventDate "1991.??.??"]

1. e4 e5 2. Nf3 Nc6 3. Nc3 Bc5 4. Nxe5 Nf6 5. Nxc6 dxc6 6. Be2 Qd4 7. O-O Nxe4
8. Nxe4 Qxe4 9. c3 O-O 10. d4 Re8 11. Bf3 Qf5 12. dxc5 Qxc5 13. Be3 Qd6 14. Re1
Be6 15. Qxd6 cxd6 16. Bf4 d5 17. Re2 Bf5 18. Rae1 Rxe2 19. Rxe2 Kf8 20. Bd6+
Kg8 21. Re7 b6 22. Rb7 Rd8 23. Rb8 Rxb8 24. Bxb8 a6 25. Be2 Bc8 26. f4 f5 27.
Kf2 Kf7 28. Ke3 Ke6 29. Bf3 Kd7 30. Kd4 Ke6 31. Ba7 c5+ 32. Ke3 Kd6 33. Bxb6
Bd7 34. Be2 Bb5 35. Bxb5 axb5 36. b4 d4+ 37. Kd3 cxb4 38. Bxd4 bxc3 39. Bxg7 b4
40. Bxc3 bxc3 41. Kxc3 Kc5 42. a4 Kd5 43. a5 Kc5 44. a6 Kb6 45. Kd4 Kxa6 46.
Ke5 Kb6 47. Kxf5 Kc6 48. Ke6 1-0

[Event "East Lansing (MOR/3)"]
[Site "?"]
[Date "1991.??.??"]
[Round "?"]
[White "Brotherton, D."]
[Black "Baker, Derrick"]
[Result "1-0"]
[WhiteElo "1605"]
[BlackElo "1605"]
[PlyCount "53"]
[EventDate "1991.??.??"]

1. e4 d6 2. Nf3 Nf6 3. Nc3 g6 4. d4 Bg7 5. Be2 O-O 6. O-O c6 7. Be3 Qc7 8. h3
e5 9. dxe5 dxe5 10. Qc1 b6 11. Rd1 Nbd7 12. Rd3 Ba6 13. Rxd7 Nxd7 14. Bxa6 b5
15. a4 b4 16. Ne2 c5 17. b3 Nf6 18. Ng3 Qc6 19. Bd3 Ne8 20. Bc4 Nd6 21. Bd5
Qxd5 22. exd5 e4 23. Ng5 Bxa1 24. Qxa1 f5 25. Bxc5 Rfd8 26. Ne6 Rd7 27. Bxd6
1-0